02385cam a2200349 a 450000100190000000500170001900800410003601000190007702000180009603500320011403500180014603500210016403500200018504000250020504100080023004300120023805000190025024501000026926000410036930000730041049000430048350400510052652011090057765000540168665000430174065100610178370000320184470000430187694200080191995200930192799900150202099110663000240619620250618074431.0970401s1997 enk b 101 0 eng  a96027848 //r96 a9780333665824 a(UTL)938508-01utoronto_inst a(SIRSI)938508 a(Sirsi) AYN-8571 a(OCoLC)36717268 aDLCcDLCdDLCdCaOTU aeng ad------00aHC60b.N5 199600aNGOs, states and donorsb: too close for comfort?c/ edited by David Hulme and Michael Edwards. aBasingstoke, UK :bMacmillan,c1997. axvii, 309 pages :billustrations, graphs (black and white) ;c21 cm. aInternational political economy series aIncludes bibliographical references and index. aIn the last decade the use of non-governmental agencies (NGOs) to promote development and reduce poverty and hunger has become a major feature of development policy. Donors have poured funds into NGOs, governments have allocated them major responsibilities and their number and size has grown. Has this popularity helped them to solve the problems of poverty or has it changed them so that they are now part of the 'development industry' that they used to criticize? This book provides the most detailed study available of the ways in which NGO-State-Donor relationships have changed the role that NGOs play in development. Its papers are introduced by two international experts on the topic and the contributors are leading academics and senior practitioners. The picture that emerges from the general reviews and detailed case studies of African, Asian and Latin American NGOs, is a complex one. However, the authors conclude that there is much evidence that NGOs are 'losing their roots' - getting closer to donors and governments and more distant to the poor and disempowered who they seek to assist. 0aNon-governmental organizationsxCongresses925492 0aEconomic assistancexCongresses925493 0aDeveloping countriesxEconomic policyxCongresses925494 aHulme, David925495eeditor aEdwards, Michaeld1957-925496eeditor 2lcc 00102lcc4070aTBSbTBSd2025-06-18l0oHC60 HULpB02845r2025-06-18t1w2025-06-18y1 c4759d4759